Giáo trình thanh toán quốc tế
Sách gồm 10 chương : chương 1 : nhập môn thanh toán quốc tế , chương 2 : tỷ giá và cán cân thanh toán quốc tế , chương 3 : các công cụ thanh toán quốc tế , chương 4 là các phương thức thanh toán quốc tế , chương 5 : tín dụng quốc tế...
Enregistré dans:
| Auteur principal: | |
|---|---|
| Format: | Livre |
| Langue: | Undetermined |
| Publié: |
Hà Nội
Khoa học và kỹ thuật
2011
|
| Sujets: | |
| Tags: |
Ajouter un tag
Pas de tags, Soyez le premier à ajouter un tag!
|
| Thư viện lưu trữ: | Trung tâm Học liệu Trường Đại học Cần Thơ |
|---|
| LEADER | 01076nam a2200217Ia 4500 | ||
|---|---|---|---|
| 001 | CTU_180227 | ||
| 008 | 210402s9999 xx 000 0 und d | ||
| 020 | |c 132500 | ||
| 082 | |a 332.15 | ||
| 082 | |b Tr312 | ||
| 100 | |a Đinh, Xuân Trình | ||
| 245 | 0 | |a Giáo trình thanh toán quốc tế | |
| 245 | 0 | |c Đinh Xuân Trình , Đặng Thị Nhàn | |
| 260 | |a Hà Nội | ||
| 260 | |b Khoa học và kỹ thuật | ||
| 260 | |c 2011 | ||
| 520 | |a Sách gồm 10 chương : chương 1 : nhập môn thanh toán quốc tế , chương 2 : tỷ giá và cán cân thanh toán quốc tế , chương 3 : các công cụ thanh toán quốc tế , chương 4 là các phương thức thanh toán quốc tế , chương 5 : tín dụng quốc tế | ||
| 650 | |a International payment,International economic relations,Thanh toán quốc tế,quan hệ kinh tế quốc tế | ||
| 650 | |x Textbook,Giáo trình | ||
| 904 | |i Sony | ||
| 980 | |a Trung tâm Học liệu Trường Đại học Cần Thơ | ||